00617pab a2200181 454500008004000000100001800040245009400058260000900152300001300161362000800174650004700182650003000229773003400259908000600293909001100299999001900310952010600329180718b2013 xxu||||| |||| 00| 0 eng d aHarilal, K.N. aConfronting bureaucratic capture: Rethinking participatory planning methodology in Kerala c2013 ap.52-60. aSep aParticipating development - India - Kerala aParticipatory development aEconomic and Political Weekly aN a103314 c103310d103310 00104070aIIPAbIIPAd2018-07-19hVolume no: 48, Issue no: 36pAR103774r2018-07-19w2018-07-19yAR